| 000 | 00661nam a22001817a 4500 | ||
|---|---|---|---|
| 003 | BD-DhUL | ||
| 005 | 20180523115114.0 | ||
| 008 | 180522s1978 ii ||||| |||| 00| 0 ben d | ||
| 040 |
_aBD-DhUL _cBD-DhUL |
||
| 082 |
_a891.443 _bPRJ |
||
| 100 | 1 | _aচন্দ্র, প্রতাপচন্দ্র | |
| 245 | 0 | 0 |
_aজব চার্নকের বিবি / _cপ্রতাপচন্দ্র চন্দ্র |
| 260 |
_aকলিকাতা : _bকরুণা, _c১৯৭৮। |
||
| 300 |
_a২৪৪ পৃ. ; _c২০ সেমি.। |
||
| 650 | 4 | _aবাংলা উপন্যাস | |
| 650 | 4 | _aBengali fiction | |
| 942 |
_2ddc _cBK |
||
| 999 |
_c241520 _d241520 |
||